000 01327nam a22002777a 4500
005 20170124103111.0
010 _aB-179425
020 _c300.00
_a818803207
035 _aB-179425
037 _bCen Lib/Ret
040 _aDPL
_bHN
082 _a423.31
_bगुरुकु
100 _a
_979788
245 _aगुरुकुल पर्यायवाची शब्दकोष /
_cसंपादक एस.पी. परमहंस [एवं] शिखा त्रिवेदी
246 _aGurukul pryayivachi shabdkosh /
_bsampadak S.P. Paramhans [evam] Shikha Trivedi
260 _aदिल्ली
_bदिल्ली पुस्तक सदन
_c2005
270 _b दिल्ली
_a30/३६, लेन न.-९, विश्वास नगर, शाहदरा
_e110032
300 _a256पृ.
_c20सेमी(सजिल्द )
650 _aहिन्दी --भाषा
_x
_z
_979789
650 _aहिन्दी --भाषा--पर्यायवाची--कोश
_979790
650 _aHindi--bhasha
_943966
650 _aHindi--bhasha--synonmys--dictionary
_979791
700 _aपरमहंस, एस.पी
_979792
700 _aत्रिवेदी, शिखा
_979793
942 _2ddc
_cHN
_h423.31
_mगुरुकु
999 _c118375
_d118375